书目信息 |
| 题名: |
旅游伦理学概论
|
|
| 作者: | 赵书虹 , 尹松波 编著 | |
| 分册: | ||
| 出版信息: | 天津 南开大学出版社 2008.10 |
|
| 页数: | 249页 | |
| 开本: | 21cm | |
| 丛书名: | 高等院校旅游专业系列教材 | |
| 单 册: | ||
| 中图分类: | F590 | |
| 科图分类: | ||
| 主题词: | 旅游--lu you--伦理学--高等学校--教材 | |
| 电子资源: | ||
| ISBN: | 978-7-310-03051-4 | |
| 000 | 01003nam 2200277 450 | |
| 001 | 012009330437 | |
| 005 | 20091006111252.82 | |
| 010 | @a978-7-310-03051-4@dCNY18.00 | |
| 100 | @a20091006d2008 em y0chiy0120 ea | |
| 101 | 0 | @achi |
| 102 | @aCN@b120000 | |
| 105 | @ay a 000yy | |
| 106 | @ar | |
| 200 | 1 | @a旅游伦理学概论@Alu you lun li xue gai lun@f赵书虹, 尹松波编著@Fzhao shu hong,yin song bo bian zhu |
| 210 | @a天津@c南开大学出版社@d2008.10 | |
| 215 | @a249页@d21cm | |
| 225 | 2 | @a高等院校旅游专业系列教材@Agao deng yuan xiao lu you zhuan ye xi lie jiao cai |
| 320 | @a有书目 (第246-249页) | |
| 330 | @a本书内容包括:旅游活动的经济伦理之维、旅游活动的社会正义之维、旅游活动的整全性伦理之维、旅游伦理难题等四篇。 | |
| 410 | 0 | @12001 @a高等院校旅游专业系列教材 |
| 606 | 0 | @a旅游@Alu you@x伦理学@x高等学校@j教材 |
| 690 | @aF590@v4 | |
| 701 | 0 | @a赵书虹@Azhao shu hong@4编著 |
| 701 | 0 | @a尹松波@Ayin song bo@4编著 |
| 801 | 0 | @aCN@bQSSK@c20091006 |
| 905 | @b760535-37@dF590@eZ322@f3 | |
| 旅游伦理学概论/赵书虹, 尹松波编著.-天津:南开大学出版社,2008.10 |
| 249页;21cm.-(高等院校旅游专业系列教材) |
| ISBN 978-7-310-03051-4:CNY18.00 |
| 本书内容包括:旅游活动的经济伦理之维、旅游活动的社会正义之维、旅游活动的整全性伦理之维、旅游伦理难题等四篇。 |
| ● |
| 相关链接 |
|
|
|
正题名:旅游伦理学概论
索取号:F590/Z322
 
预约/预借
| 序号 | 登录号 | 条形码 | 馆藏地/架位号 | 状态 | 备注 |
| 1 | 760535 | 207605359 | 社科库409/409社科库 38排6列3层/ [索取号:F590/Z322] | 在馆 | |
| 2 | 760536 | 207605368 | 社科库409/409社科库 38排6列3层/ [索取号:F590/Z322] | 在馆 | |
| 3 | 760537 | 207605377 | 社科二线422/422社科库 11排1列1层/ [索取号:F590/Z322] | 在馆 |